=LDR 00000nam 2200000 4500 =001 INLIS000000000013331 =005 20200714122834 =035 ##$$a 0010-061300000013331 =008 200714################g##########0#ind## =041 ##$$a Ind =082 ##$$a 2x5.12 =090 ##$$a 2x5.12, Ahn p =100 ##$$a Ahnan,Ust.Maptah =245 1#$$a Peringatan tentang bahaya lidah /$c Ust.Maptah ahnan =260 ##$$a Surabaya :$b Tebit terang,$c 2004 =300 ##$$a 128 hlm ; $c 14,5 x 20,5 cm =650 #4$$a Ahlak =850 ##$$a NBPNMAT =084 ##$$a 2x5.12 AHN p =990 ##$$a 20405409 =990 ##$$a 0001/BPAP-NTB/20142015 =990 ##$$a 20405409 =990 ##$$a 0001/BPAP-NTB/20142015 =990 ##$$a 20405409 =990 ##$$a 0001/BPAP-NTB/20142015 =990 ##$$a 20615955 =990 ##$$a 20405409 =990 ##$$a 0001/BPAP-NTB/20142015 =990 ##$$a 20615952 =990 ##$$a 20405409 =990 ##$$a 20615955 =990 ##$$a 08210821 =990 ##$$a 20615953 =990 ##$$a 20405409 =990 ##$$a 20615952 =990 ##$$a 20615955